00925nam a2200253Ia 450000500170000000800410001702000150005808200220007310000210009524500760011625000190019230000580021149000350026950000210030450400270032565000640035265000530041665000530046926400260052233600270054833700330057533800280060804000350063620220317001205.0160825s2002 ck a g 000 0 spa  a958930895304a720.986148 bE71b1 aEscovar, Alberto10aBogotábcentro históricocinvestigación y texto Alberto Escobar W a1a. edición  a114 páginas bilustraciones, planos, mapas c29 cm  aGuías elarqa de arquitectura aIncluye glosario aIncluye bibliografía142LEMBaArquitectura vDiseños y planos zBogota (Colombia)142LEMBaArquitectura vGuías zBogota (Colombia)142LEMBaArquitectura xHistoriazBogota (Colombia) aBogotábGammac2002 atextobtxt2rdacontent asin mediaciónbn2rdamedia avolumenbnc2rdacarrier aCO-BoRNBPbspaerdacCO-BoRNBP